Normal view
MARC view
Entry Personal Name
001 - CONTROL NUMBER
- control field: 11470
003 - CONTROL NUMBER IDENTIFIER
- control field: ARRUPE
005 - DATE AND TIME OF LATEST TRANSACTION
- control field: 20140923114650.0
008 - FIXED-LENGTH DATA ELEMENTS
- fixed length control field: 140923|| aca||aabn | a|a d
040 ## - CATALOGING SOURCE
- Original cataloging agency: ARRUPE
- Transcribing agency: ARRUPE
100 ## - HEADING--PERSONAL NAME
- Personal name: Zaehner, Charles R.
670 ## - SOURCE DATA FOUND
- Source citation: Work cat.: (ARRUPE): Zaehner, Charles R., At sundry times, 1958